|
|
|
|
| LEADER |
00000nab a2200000 a 4500 |
| 001 |
vtls000235174 |
| 003 |
SK-MaSNL |
| 005 |
20260303205037.0 |
| 008 |
040806c1985 xo 0 slo |
| 015 |
|
|
|a SNBRB19rr/mm-uuuuu
|
| 035 |
|
|
|a CL0245288
|
| 040 |
|
|
|a SNKBUCL
|b slo
|c SNKBUCL
|e AACR2
|
| 041 |
0 |
|
|a slo
|
| 044 |
|
|
|a xo
|c SK
|
| 080 |
|
|
|a 82:929:885.4
|2 1981
|
| 080 |
|
|
|a 943.76-051"18"
|2 1981
|
| 080 |
|
|
|a 885.4:929
|2 1981
|
| 100 |
1 |
|
|a Rezník, Jaroslav,
|d 1942-
|4 aut
|9 100140
|
| 245 |
1 |
0 |
|a Osobnosť európskeho formátu
|b malá úvaha pri výročí narodenia Ľ. Štúra
|c Jaroslav Rezník
|
| 300 |
|
|
|b Fot. 1.
|
| 600 |
1 |
7 |
|a Štúr, Ľudovít,
|d 1815-1856
|2 snkbucl
|9 92872
|
| 773 |
0 |
|
|t Ľud
|g Roč. 38, č. 259 (2.11 1985), s. 4
|
| 850 |
|
|
|a Slovenská národná knižnica v Martine
|a MTA001
|
| 852 |
|
|
|a SNK
|b KIS3GCP
|
| 958 |
|
|
|a LX
|
| 958 |
|
|
|a BX
|
| 958 |
|
|
|a RK
|
| 999 |
|
|
|c 2193413
|d 2195343
|